| 000 | 00910nam a2200253 a 4500 | ||
|---|---|---|---|
| 001 | 1302 | ||
| 005 | 20140414131922.0 | ||
| 008 | 010319s19uu xx 00 eng d | ||
| 050 |
_aER _bUp1 1995 |
||
| 100 | _aConnely, Neil | ||
| 245 |
_aUpside-down ears / _cby Neil Connely ; illustrated by Carolyn Bracken. |
||
| 260 |
_aMaryland : _bOttenheimer, _c1995. |
||
| 300 | _a1 v. p. : ill. ; cm. | ||
| 440 | _aTales From the Carrot Patch. | ||
| 520 | _aFlora, a bunny with Upside-Down Ears, pays a visit to her cousins Blaze, Nibbles, and Violet at the edge of the Carrot Patch. Here they all discover that although they might look different, they all have a great deal in common, too! | ||
| 650 |
_aPhysical differences _xFiction. |
||
| 650 |
_aFriendship _xFiction. |
||
| 650 | _aChildren stories. | ||
| 999 |
_c111816 _d111816 |
||